Aj naše najväčšie banky prečeše Frankfurt

Európska centrálna banka má od novembra budúceho roka dohliadať na zdravie európskych bánk. Dôvodom je silné prepojenie bánk na štáty cez vlastníctvo dlhopisov. Kým ECB prevezme žezlo nad zdravím európskych bánk a vytvorí tak prvý pilier bankovej únie, finančné domy čaká prísne testovanie. Najväčšie...

Ausführliche Beschreibung

Gespeichert in:
Bibliographische Detailangaben
1. Verfasser: Kláseková, Martina
Format: Buchkapitel
Sprache:Slowakisch
Schlagworte:
Tags: Tag hinzufügen
Keine Tags, Fügen Sie das erste Tag hinzu!

MARC

LEADER 00000naa a2200000 4500
001 0179262
005 20231113081326.6
041 0 |a slo 
044 |a SK 
245 1 0 |a Aj naše najväčšie banky prečeše Frankfurt  |c Martina Kláseková 
520 |a Európska centrálna banka má od novembra budúceho roka dohliadať na zdravie európskych bánk. Dôvodom je silné prepojenie bánk na štáty cez vlastníctvo dlhopisov. Kým ECB prevezme žezlo nad zdravím európskych bánk a vytvorí tak prvý pilier bankovej únie, finančné domy čaká prísne testovanie. Najväčšie slovenské banky vedia, že sa musia pripraviť na transfer dát do ECB, i to, že si to vyžiada náklady. 
610 2 0 |a bankovníctvo 
610 2 0 |a banky centrálne 
610 2 0 |a dohľad bankový 
610 2 0 |a previerky 
610 2 0 |a Európska únia 
610 2 0 |a Slovensko 
100 1 |a Kláseková, Martina